ARRUPE JESUIT UNIVERSITY

CORONAVIRUS -STOP THE SPREAD - CLEAN,DISINFECT,COVER

The eighth century prophets (Record no. 27347)

MARC details
000 -LEADER
fixed length control field 00518nam a2200205Ia 4500
003 - CONTROL NUMBER IDENTIFIER
control field 0100
008 - FIXED-LENGTH DATA ELEMENTS--GENERAL INFORMATION
fixed length control field 130303s9999 xx 000 0 und d
040 ## - CATALOGING SOURCE
Transcribing agency ARRUPELIB
050 ## - LIBRARY OF CONGRESS CALL NUMBER
Classification number BS1515.2.A52
100 ## - MAIN ENTRY--PERSONAL NAME
Personal name Anderson, Bernhard W
245 #4 - TITLE STATEMENT
Title The eighth century prophets
245 ## - TITLE STATEMENT
Remainder of title Amos, Hosea, Isaiah, Micah
260 ## - PUBLICATION, DISTRIBUTION, ETC. (IMPRINT)
Place of publication, distribution, etc Philadelphia PA
260 ## - PUBLICATION, DISTRIBUTION, ETC. (IMPRINT)
Name of publisher, distributor, etc Fortress Pr.
260 ## - PUBLICATION, DISTRIBUTION, ETC. (IMPRINT)
-- 1978
300 ## - PHYSICAL DESCRIPTION
Extent 111p
440 ## - SERIES STATEMENT/ADDED ENTRY--TITLE
Title Proclamation commentaries
650 ## - SUBJECT ADDED ENTRY--TOPICAL TERM
Topical term following geographic name as entry element Catholic Church--Zimbabwe--History
942 00 - ADDED ENTRY ELEMENTS (KOHA)
Koha issues (borrowed), all copies 1
Holdings
Withdrawn status Lost status Source of classification or shelving scheme Damaged status Not for loan Collection code Home library Current library Shelving location Date acquired Total Checkouts Full call number Barcode Date last seen Date checked out Copy number Price effective from Koha item type
    Library of Congress Classification     Main Collection ARRUPE LIBRARY ARRUPE LIBRARY   04/03/2013 3 BS1515.2.A52 46003018830 20/05/2019 08/04/2019 1 04/03/2013 Monograph ( Printed materials)

 

Arrupe Library. PO Box MP320 Mt Pleasant, Harare, Zimbabwe
263 242 745411|librarian@aju.ac.zw